| 000 | 00678cam a22002293a 4500 | ||
|---|---|---|---|
| 001 | 1911 | ||
| 003 | PGUSA | ||
| 005 | 20140828083008.0 | ||
| 008 | 060226s2006||||xxu|||||s|||||000 | eng d | ||
| 040 |
_aPGUSA _beng |
||
| 042 | _adc | ||
| 050 | 4 | _aBR | |
| 100 | 1 |
_aLuther, Martin, _d1483-1546 |
|
| 245 | 1 | 0 |
_aConcerning Christian Liberty; with Letter of Martin Luther to Pope Leo X. _h[electronic resource] / _cMartin Luther |
| 260 |
_bProject Gutenberg, _c2006 |
||
| 506 | _aPublic domain in the USA. | ||
| 516 | _aElectronic text | ||
| 653 | _aReformation -- Germany | ||
| 830 | 0 |
_aProject Gutenberg _v1911 |
|
| 856 | 4 | 0 | _uhttp://www.gutenberg.org/ebooks/1911 |
| 942 | _cEB | ||
| 999 |
_c231254 _d231254 |
||